LEADER 00842cam0-22003011i-450- 001 990006116630403321 005 19980601 010 $a88-204-6875-1 035 $a000611663 035 $aFED01000611663 035 $a(Aleph)000611663FED01 035 $a000611663 100 $a19980601d1991----km-y0itay50------ba 101 0 $aita 102 $aIT 105 $ay-------001yy 200 1 $aEconomia del benessere in regime di disequilibrio generale$fMassimo Florio 210 $aMilano$cAngeli$d1991 215 $a278 p.$d22 cm 676 $a338.51$v20$zita 700 1$aFlorio,$bMassimo$039563 801 0$aIT$bUNINA$gRICA$2UNIMARC 901 $aBK 912 $a990006116630403321 952 $aXV G[2] 34$b21071*$fFGBC 959 $aFGBC 996 $aEconomia del benessere in regime di disequilibrio generale$936686 997 $aUNINA LEADER 02251nam 2200445 450 001 9910468250803321 005 20210218224421.0 010 $a981-15-7782-X 024 7 $a10.1007/978-981-15-7782-6 035 $a(CKB)4100000011469465 035 $a(MiAaPQ)EBC6355538 035 $a(DE-He213)978-981-15-7782-6 035 $a(EXLCZ)994100000011469465 100 $a20210218d2020 uy 0 101 0 $aeng 135 $aurnn|008mamaa 181 $ctxt$2rdacontent 182 $cc$2rdamedia 183 $acr$2rdacarrier 200 10$aCoronavirus outbreak and the great lockdown $eimpact on oil prices and major stock markets across the globe /$fBhaskar Bagchi [and three others] 205 $a1st ed. 2020. 210 1$aGateway East, Singapore :$cSpringer,$d[2020] 210 4$dİ2020 215 $a1 online resource (XVIII, 112 p. 29 illus., 28 illus. in color.) 225 1 $aSpringerBriefs in Economics,$x2191-5504 311 $a981-15-7781-1 327 $aIntroduction -- Pandemics and Economic Crisis -- Impact of COVID-19 on Global Economy -- Plummeting Oil Prices and Oil Demand -- Major Stock Markets of the World: An Overview -- Literature Review -- Objectives and Methodology of the Study -- Analysis and Findings -- Conclusion. 330 $aThis book captures the dynamic relationship between COVID-19 pandemic, crude oil prices and major stock indices as well as the crude oil prices and stock market volatility that have been caused due to outbreak of this pandemic. The pandemic has changed the world melodramatically and major world markets collapsed in the beginning, affecting major industries in an unprecedented way. The book will be useful to the researcher in the field of finance and economics, and policy makers both at government and private level, keeping in view the present state of economy throughout the world. 410 0$aSpringerBriefs in Economics,$x2191-5504 606 $aStock exchanges 615 0$aStock exchanges. 676 $a332.642 700 $aBagchi$b Bhaskar$0856376 801 0$bMiAaPQ 801 1$bMiAaPQ 801 2$bMiAaPQ 906 $aBOOK 912 $a9910468250803321 996 $aCoronavirus outbreak and the great lockdown$91912495 997 $aUNINA